[Event "Ring In The New Year With A Chess Tournament"]
[Site "SchemingMind.com"]
[Date "2011.12.25"]
[Round "-"]
[White "grabapawn"]
[Black "Mitch The Man"]
[Result "1-0"]
[WhiteCountry "USA"]
[BlackCountry "USA"]
[WhiteElo "1645"]
[WhiteRD "64"]
[BlackElo "1330"]
[BlackRD "60"]
[GameID "299770"]

1. e4 g6 2. d4 Bg7 3. Bc4 c6 4. Nf3 h6 5. Nc3 g5 6. Be3 b5 7. Bb3 Nf6 8. e5 Nh7 9. g4 O-O 10. h4 gxh4
11. Nxh4 e6 12. Ne4 Ng5 13. Bxg5 hxg5 14. f4 gxh4 15. g5 a5 16. Nf6+ Bxf6 17. gxf6
1-0

[Event "Ring In The New Year With A Chess Tournament"]
[Site "SchemingMind.com"]
[Date "2011.12.25"]
[Round "-"]
[White "Mitch The Man"]
[Black "grabapawn"]
[Result "0-1"]
[WhiteCountry "USA"]
[BlackCountry "USA"]
[WhiteElo "1352"]
[WhiteRD "61"]
[BlackElo "1628"]
[BlackRD "62"]
[GameID "299771"]

1. e4 c5 2. c4 Nc6 3. Nf3 e5 4. a3 Nf6 5. h3 Nxe4 6. d3 Nd6 7. Qe2 e4 8. Bd2 Be7 9. dxe4 O-O 10. Qd3 f6
11. Be2 Kh8 12. O-O f5 13. exf5 Nxf5 14. Qc2 d5 15. cxd5 Qxd5 16. Bc4 Qd6 17. Nc3 Nfd4 18. Nxd4 Nxd4 19. Qd3 Nf3+ 20. gxf3 Qxd3
21. Bxd3 Rxf3 22. Be4 Rxh3 23. Bg2 Rh4 24. Nd5 Bd6 25. Rfe1 Bh2+ 26. Kf1 Bd7 27. Re7 Bb5+ 28. Ke1 Bc6 29. Bg5 Rg4 30. Bd2 Rxg2
31. Ne3 Rg1+ 32. Nf1 Bb5
0-1

[Event "Ring In The New Year With A Chess Tournament"]
[Site "SchemingMind.com"]
[Date "2011.12.31"]
[Round "-"]
[White "jtrochez1"]
[Black "Mitch The Man"]
[Result "1-0"]
[WhiteCountry "HON"]
[BlackCountry "USA"]
[WhiteElo "1626"]
[WhiteRD "49"]
[BlackElo "1352"]
[BlackRD "61"]
[GameID "300236"]

1. e4 e6 2. d4 d5 3. e5 Bd7 4. c3 h6 5. Nf3 Ne7 6. Bd3 g6 7. Be3 Bg7 8. Nbd2 O-O 9. O-O a6 10. a4 c6
11. a5 Nf5 12. Bxf5 exf5 13. Nb3 Re8 14. Nc5 Bc8 15. Qc1 Nd7 16. Nxd7 Bxd7 17. Bxh6 Kh7 18. Bxg7 Kxg7 19. Re1 Be6 20. Ng5 Rh8
21. f4 Rh5 22. b4 Qh8 23. h3 Kf8 24. Re3 Ke7 25. Nxe6 fxe6 26. c4 Rh4 27. Rf3 Rc8 28. Qa3 Kf7 29. cxd5 cxd5 30. Rc3 Rxc3
31. Qxc3 Qd8 32. Qd2 b6 33. Qf2 g5 34. fxg5 Re4 35. Rc1 Kg6 36. Rc6 Qd7 37. Rxb6 Qc8 38. Kh2 f4 39. Qh4 f3 40. Qh6+
1-0

[Event "Ring In The New Year With A Chess Tournament"]
[Site "SchemingMind.com"]
[Date "2011.12.31"]
[Round "-"]
[White "jtrochez1"]
[Black "grabapawn"]
[Result "0-1"]
[WhiteCountry "HON"]
[BlackCountry "USA"]
[WhiteElo "1626"]
[WhiteRD "49"]
[BlackElo "1628"]
[BlackRD "62"]
[GameID "300237"]

1. e4 c5 2. Nf3 a6 3. d4 cxd4 4. Nxd4 e5 5. Nf3 Nc6 6. Bc4 Nf6 7. Ng5 d5 8. exd5 b5 9. Be2 Nxd5 10. c4 Nc7
11. O-O Be7 12. Qxd8+ Nxd8 13. cxb5 axb5 14. f4 Nde6 15. Nxe6 Nxe6 16. Bxb5+ Bd7 17. Bxd7+ Kxd7 18. fxe5 Rhd8 19. Rxf7 Ke8 20. Rf1 Rd5
21. b3 Rxe5 22. Bb2 Bc5+ 23. Kh1 Re2 24. Bc3 Raxa2 25. Rxa2 Rxa2 26. Re1 Kd7 27. Rf1 Rc2 28. g3 Kd6 29. Ba1 g6 30. Nc3 Kc6
31. Ne4 Bd4 32. Nf6 Bxa1 33. Rxa1 Nd4 34. Nxh7 Nf3 35. Ra6+ Kb5
0-1

[Event "Ring In The New Year With A Chess Tournament"]
[Site "SchemingMind.com"]
[Date "2011.12.31"]
[Round "-"]
[White "Mitch The Man"]
[Black "jtrochez1"]
[Result "0-1"]
[WhiteCountry "USA"]
[BlackCountry "HON"]
[WhiteElo "1352"]
[WhiteRD "61"]
[BlackElo "1626"]
[BlackRD "49"]
[GameID "300238"]

1. e4 e5 2. Nf3 Nc6 3. c3 Be7 4. Bc4 h6 5. O-O Nf6 6. Re1 d5 7. exd5 Na5 8. Bb5+ c6 9. dxc6 bxc6 10. Bd3 e4
11. Bxe4 Nxe4 12. Rxe4 O-O 13. Rd4 Qc7 14. b4 c5 15. bxc5 Bxc5 16. Re4 Qb6 17. d4 Bd6 18. Re1 Nc4 19. Re2 Bg4 20. Nbd2 Nxd2
21. Qxd2 Qc7 22. Kf1 Bxf3 23. gxf3 Bxh2 24. Ba3 Rfe8 25. Ke1 Bf4 26. Qd3 Rxe2+ 27. Kxe2 Re8+ 28. Kd1 Qa5 29. Bb4 Qa4+ 30. Qc2 Re1+
31. Kxe1 Qxc2
0-1

[Event "Ring In The New Year With A Chess Tournament"]
[Site "SchemingMind.com"]
[Date "2011.12.31"]
[Round "-"]
[White "grabapawn"]
[Black "jtrochez1"]
[Result "0-1"]
[WhiteCountry "USA"]
[BlackCountry "HON"]
[WhiteElo "1628"]
[WhiteRD "62"]
[BlackElo "1626"]
[BlackRD "49"]
[GameID "300239"]

1. e4 e5 2. d4 exd4 3. c3 dxc3 4. Nxc3 c6 5. Bc4 Qf6 6. Nf3 h6 7. e5 Qe7 8. O-O Qc5 9. Qe2 b5 10. Bb3 Qb6
11. Rd1 b4 12. Be3 Qc7 13. Ne4 Qa5 14. Qc4 d5 15. Qd4 Ne7 16. Nc5 Nf5 17. Qf4 Bxc5 18. Bxc5 Qxc5 19. Rac1 Qe7 20. Nd4 Nxd4
21. Rxd4 Be6 22. Ba4 Bd7 23. Qg3 O-O 24. Bc2 Be6 25. Qd3 f5 26. Rf4 g5 27. Rf3 Nd7 28. Re3 Qg7 29. Rce1 Nc5 30. Qd4 f4
31. R3e2 Na6 32. f3 Rab8 33. Bd3 c5 34. Qf2 c4 35. Bc2 b3 36. axb3 cxb3 37. Bb1 Qc7 38. g3 Qb6 39. Qxb6 Rxb6 40. g4 Nb4
41. Rc1 a5 42. Rc5 Nc6 43. Rd2 Nxe5 44. Kg2 a4 45. Ra5 Nc4
0-1

[Event "Ring In The New Year With A Chess Tournament"]
[Site "SchemingMind.com"]
[Date "2012.01.01"]
[Round "-"]
[White "Ricsige"]
[Black "jtrochez1"]
[Result "0-1"]
[WhiteCountry "AHO"]
[BlackCountry "HON"]
[WhiteElo "1417"]
[WhiteRD "63"]
[BlackElo "1656"]
[BlackRD "48"]
[GameID "300319"]

1. d3 d5 2. g3 e5 3. Bg2 c6 4. Nd2 Nf6 5. e4 d4 6. Ne2 Bb4 7. a3 Be7 8. f4 Ng4 9. Nf3 Bf6 10. f5 Nd7
11. h3 Nh6 12. Bd2 Ng8 13. c3 c5 14. Qc2 b6 15. O-O Ne7 16. g4 Ng8 17. g5 Be7 18. cxd4 cxd4 19. Qc6 Rb8 20. Nxe5 Bxg5
21. Qd5 Nh6 22. Bxg5 Qxg5 23. Nxd7 Bxd7 24. Qe5+ Qe7 25. Qxb8+ Qd8 26. Qxd8+ Kxd8 27. Nxd4 f6 28. Rac1 Nf7 29. Ne6+ Bxe6 30. fxe6 Nd6
31. d4 Nb5 32. d5 Nd4 33. Kf2 Nb3 34. Rc3 Nd4 35. Ke3 Nb5
0-1

[Event "Ring In The New Year With A Chess Tournament"]
[Site "SchemingMind.com"]
[Date "2012.01.01"]
[Round "-"]
[White "Ricsige"]
[Black "grabapawn"]
[Result "0-1"]
[WhiteCountry "AHO"]
[BlackCountry "USA"]
[WhiteElo "1439"]
[WhiteRD "64"]
[BlackElo "1628"]
[BlackRD "62"]
[GameID "300320"]

1. d4 Nf6 2. c4 d5 3. cxd5 Nxd5 4. e4 Nb6 5. Nc3 e6 6. a3 Be7 7. Nf3 O-O 8. Be2 Nc6 9. O-O f5 10. e5 Bd7
11. Bd2 f4 12. Ne4 a6
0-1

[Event "Ring In The New Year With A Chess Tournament"]
[Site "SchemingMind.com"]
[Date "2012.01.01"]
[Round "-"]
[White "Mitch The Man"]
[Black "Ricsige"]
[Result "1-0"]
[WhiteCountry "USA"]
[BlackCountry "AHO"]
[WhiteElo "1352"]
[WhiteRD "61"]
[BlackElo "1439"]
[BlackRD "64"]
[GameID "300321"]

1. e4 c5 2. Bc4 e6 3. e5 Nc6 4. Nf3 d6 5. O-O Nxe5 6. Nxe5 dxe5 7. Re1 Qc7 8. Qh5 Nf6 9. Qh3 Bd6 10. Bb5+ Bd7
11. Bxd7+ Qxd7 12. c4 O-O 13. b3 Qe7 14. Bb2
1-0

[Event "Ring In The New Year With A Chess Tournament"]
[Site "SchemingMind.com"]
[Date "2012.01.06"]
[Round "-"]
[White "mochiron"]
[Black "Mitch The Man"]
[Result "0-1"]
[WhiteCountry "JPN"]
[BlackCountry "USA"]
[WhiteElo "1490"]
[WhiteRD "63"]
[BlackElo "1412"]
[BlackRD "60"]
[GameID "300379"]

1. c4 e5 2. Nc3 Ne7 3. e4 c6 4. d3 h6 5. Nf3 Qc7 6. Be3 g6 7. Be2 Bg7 8. d4 O-O 9. h4 exd4 10. Nxd4 Kh7
11. h5 g5 12. Nf5 Nxf5 13. exf5 Bxc3+ 14. bxc3 f6 15. c5 Re8 16. Bd4 Rf8 17. Qd3 Qd8 18. Rh3 Qe8 19. Re3 Qf7 20. Rg3 Re8
21. Kf1 Kg7 22. f4 b6 23. fxg5 hxg5 24. h6+ Kxh6 25. Rh3+ Kg7 26. Bh5 Qf8 27. Bxe8 Ba6 28. c4 Qxe8 29. Re1 Qf7 30. a4 Bxc4
31. Bxf6+ Kxf6 32. Rh6+ Kg7 33. Rg6+ Kh7 34. Rg7+ Kxg7 35. Qxc4 Qxc4+
0-1

[Event "Ring In The New Year With A Chess Tournament"]
[Site "SchemingMind.com"]
[Date "2012.01.06"]
[Round "-"]
[White "mochiron"]
[Black "jtrochez1"]
[Result "1-0"]
[WhiteCountry "JPN"]
[BlackCountry "HON"]
[WhiteElo "1490"]
[WhiteRD "63"]
[BlackElo "1656"]
[BlackRD "48"]
[GameID "300380"]

1. f4 Nf6 2. Nf3 Nc6 3. e3 h6 4. Be2 d6 5. O-O e6 6. d4 d5 7. a3 a6 8. Bd2 Ne4 9. Nc3 Nxd2 10. Qxd2 Be7
11. e4 O-O 12. Ne5 Bf6 13. f5 Nxe5 14. dxe5 Bxe5 15. exd5 exd5 16. Rae1 c6 17. Bh5 Bd7 18. Rxe5 f6 19. Ree1 Qc8 20. g4 b5
21. Re7 Qb7 22. b4 Qb6+ 23. Kg2 Be8 24. Bg6 Bf7 25. Bxf7+ Rxf7 26. Rxf7 Kxf7 27. Nxd5 cxd5 28. Qxd5+ Kf8 29. Qxa8+ Kf7 30. Qd5+ Kf8
31. Qc5+ Qxc5 32. bxc5 Ke7 33. Rd1
1-0

[Event "Ring In The New Year With A Chess Tournament"]
[Site "SchemingMind.com"]
[Date "2012.01.05"]
[Round "-"]
[White "mochiron"]
[Black "grabapawn"]
[Result "0-1"]
[WhiteCountry "JPN"]
[BlackCountry "USA"]
[WhiteElo "1490"]
[WhiteRD "63"]
[BlackElo "1641"]
[BlackRD "64"]
[GameID "300381"]

1. b4 d6 2. Bb2 e5 3. e4 Nf6 4. d3 Nc6 5. a3 Be7 6. h3 O-O 7. Be2 Be6 8. Nf3 Nh5 9. Nbd2 Nf4 10. Bf1 Re8
11. g3 Nh5 12. Nh4 Nf6 13. Nf5 Bxf5 14. exf5 d5 15. Be2 e4 16. Bxf6 Bxf6 17. Rb1 e3 18. fxe3 Rxe3 19. Nf1 Re5 20. Nd2 Nd4
21. O-O Nxe2+ 22. Kh2 Nc3 23. Qf3 Re2+ 24. Rf2 Rxf2+ 25. Qxf2 Nxb1 26. Nxb1 b6 27. Nd2 a5 28. bxa5 Rxa5 29. h4 Rxa3 30. Qf4 d4
31. Nc4 Rc3 32. Qf2 c5 33. Nb2 h6 34. Nd1 Ra3 35. Nb2 Qd7 36. Nc4 Ra1 37. Nd2 Qd5 38. Nf3 Qa2 39. g4 Be7 40. g5 Bd6+
41. Kg2 Qb1 42. gxh6 Qh1#
0-1

[Event "Ring In The New Year With A Chess Tournament"]
[Site "SchemingMind.com"]
[Date "2012.01.05"]
[Round "-"]
[White "Mitch The Man"]
[Black "mochiron"]
[Result "1-0"]
[WhiteCountry "USA"]
[BlackCountry "JPN"]
[WhiteElo "1412"]
[WhiteRD "60"]
[BlackElo "1490"]
[BlackRD "63"]
[GameID "300383"]

1. e4 c6 2. d4 d5 3. e5 Bf5 4. Bd3 e6 5. Bxf5 exf5 6. Ne2 Be7 7. O-O h5 8. h3 Nh6 9. a3 Ng4 10. hxg4 hxg4
11. g3 Bg5 12. Kg2 Bxc1 13. Qxc1 Qe7 14. Rh1 Rf8 15. Nf4 Nd7 16. Rh2 c5 17. Nxd5 Qd8 18. Qe3 Nb6 19. Nxb6 Qxb6 20. Qb3 Qc6+
21. Kf1 c4 22. Qe3 Rd8 23. Qg5 Rxd4 24. Nc3 Rd2 25. Qxd2 f6 26. exf6 gxf6 27. Re1+ Kf7 28. Rh7+ Kg6 29. Qh6#
1-0

[Event "Ring In The New Year With A Chess Tournament"]
[Site "SchemingMind.com"]
[Date "2012.01.05"]
[Round "-"]
[White "jtrochez1"]
[Black "mochiron"]
[Result "1/2-1/2"]
[WhiteCountry "HON"]
[BlackCountry "JPN"]
[WhiteElo "1656"]
[WhiteRD "48"]
[BlackElo "1490"]
[BlackRD "63"]
[GameID "300384"]

1. e4 c5 2. Nf3 Nc6 3. d4 e6 4. d5 Nd4 5. c3 Nxf3+ 6. Qxf3 e5 7. Bc4 d6 8. Bb5+ Bd7 9. Bxd7+ Qxd7 10. O-O Be7
11. c4 h6 12. Nc3 a6 13. a4 Nf6 14. b3 h5 15. Qg3 g6 16. Bg5 O-O-O 17. f3 h4 18. Qh3 Qxh3 19. gxh3 Rd7 20. a5 Ng8
21. Bxe7 Rxe7 22. Na4 f5 23. Nc3 fxe4 24. fxe4 g5 25. Rf8+ Kd7 26. Raf1 Rg7 27. R1f7+ Rxf7 28. Rxf7+ Ne7 29. Na4 Kd8 30. Nb6 g4
31. Rf6 gxh3 32. Rxd6+ Ke8 33. Kh1 Rg8 34. Rd7 Rg4 35. d6 Ng6 36. Rxb7 Rxe4 37. d7+ Ke7 38. Kg1 Nf4 39. Nd5+ Nxd5 40. cxd5 Rd4
41. d8=Q+ Kxd8 42. Rh7 e4 43. Rxh4 c4 44. bxc4 Rxc4=
1/2-1/2

[Event "Ring In The New Year With A Chess Tournament"]
[Site "SchemingMind.com"]
[Date "2012.01.05"]
[Round "-"]
[White "grabapawn"]
[Black "mochiron"]
[Result "1-0"]
[WhiteCountry "USA"]
[BlackCountry "JPN"]
[WhiteElo "1628"]
[WhiteRD "62"]
[BlackElo "1570"]
[BlackRD "75"]
[GameID "300385"]

1. e4 a6 2. d4 e6 3. Nf3 h6 4. Bd3 Nc6 5. O-O Be7 6. Nc3 d6 7. Re1 Nf6 8. e5 Nd5 9. Nxd5 exd5 10. c4 O-O
11. cxd5 Na7 12. Bc2 Bg4 13. Qd3 g6 14. Bxh6 Bxf3 15. Qxf3 Bg5 16. Bxf8 Qxf8 17. Re4 Re8 18. Rg4 Bh6 19. Re1 f5 20. Bxf5 dxe5
21. Rxe5 Rxe5 22. Rxg6+ Bg7 23. dxe5 Qe7 24. Be6+ Kh7 25. Qh5+ Bh6 26. Qxh6#
1-0

[Event "Ring In The New Year With A Chess Tournament"]
[Site "SchemingMind.com"]
[Date "2012.01.02"]
[Round "-"]
[White "Phillip Beckett"]
[Black "Mitch The Man"]
[Result "1-0"]
[WhiteCountry "ENG"]
[BlackCountry "USA"]
[WhiteElo "1612"]
[WhiteRD "50"]
[BlackElo "1352"]
[BlackRD "61"]
[GameID "300402"]

1. e4 e6 2. d4 d5 3. Nd2 c6 4. exd5 cxd5 5. c3 Bd6 6. Ngf3 Ne7 7. Bd3 O-O 8. O-O a6 9. Re1 Bf4 10. Nf1 Bxc1
11. Rxc1 b5 12. Ng3 Bb7 13. Bxh7+ Kxh7 14. Ng5+ Kg8 15. Qh5
1-0

[Event "Ring In The New Year With A Chess Tournament"]
[Site "SchemingMind.com"]
[Date "2012.01.02"]
[Round "-"]
[White "Phillip Beckett"]
[Black "jtrochez1"]
[Result "1/2-1/2"]
[WhiteCountry "ENG"]
[BlackCountry "HON"]
[WhiteElo "1612"]
[WhiteRD "50"]
[BlackElo "1626"]
[BlackRD "49"]
[GameID "300403"]

1. e4 e5 2. Nf3 Nc6 3. Bb5 d6 4. d4 exd4 5. Nxd4 Bd7 6. Nxc6 Bxc6 7. Qd5 Ne7 8. Bxc6+ Nxc6 9. O-O Qd7 10. Nc3 a6
11. Bf4 O-O-O 12. Rad1 f6 13. Rfe1 Ne5 14. b4 Qc6 15. Bxe5 Qxd5 16. Rxd5 fxe5 17. b5 g5 18. bxa6 bxa6 19. Rb1 Kd7 20. Ra5 Ra8
21. Rb7 Bg7 22. Nd5 Rhc8 23. Ra3 Rab8 24. Ra7 Rb5 25. g3 Rc5 26. Nb6+ Kd8 27. Nxc8 Kxc8 28. R3xa6 Rxc2 29. Ra8+ Kd7 30. Rg8 Bf6
31. h4 gxh4 32. gxh4 h5 33. Rg6 Bxh4 34. Rg7+ Ke6 35. Rh7 Bxf2+ 36. Kf1 h4 37. Rh6+ Kd7 38. Rh7+ Ke6 39. Rh6+=
1/2-1/2

[Event "Ring In The New Year With A Chess Tournament"]
[Site "SchemingMind.com"]
[Date "2012.01.05"]
[Round "-"]
[White "Phillip Beckett"]
[Black "mochiron"]
[Result "1-0"]
[WhiteCountry "ENG"]
[BlackCountry "JPN"]
[WhiteElo "1602"]
[WhiteRD "51"]
[BlackElo "1490"]
[BlackRD "63"]
[GameID "300404"]

1. e4 Nc6 2. d4 d5 3. e5 Bf5 4. c3 e6 5. Bd3 Be7 6. Ne2 a6 7. Ng3 Bxd3 8. Qxd3 h6 9. O-O Bg5 10. Bxg5 hxg5
11. f4 g4 12. Kf2 Nh6 13. f5 Nxf5 14. Nxf5 exf5 15. Qxf5 Qh4+ 16. Ke2 Rf8 17. e6 f6 18. Qg6+ Ke7 19. Nd2 Kxe6 20. Rae1 Ne7
21. Kd3+ Kd7 22. Qxg7 Rfe8 23. Nb3 g3 24. hxg3 Qh5 25. Nc5+ Kd8 26. Nxb7+ Kd7 27. Nc5+ Kd8 28. Ne6+ Kd7 29. Nf8+ Rxf8 30. Qxe7+ Kc6
31. Re6+ Kb7 32. Qb4+ Kc8 33. Qxf8+ Kb7 34. Qb4+ Ka7 35. Qa5 Qg6+ 36. Kd2 Kb8 37. Rexf6 Qg5+ 38. R1f4 Kc8 39. Rf8+ Kd7 40. Qa4+ c6
41. Rf7+ Kd6 42. Qb4+ c5 43. Qb6#
1-0

[Event "Ring In The New Year With A Chess Tournament"]
[Site "SchemingMind.com"]
[Date "2012.01.02"]
[Round "-"]
[White "Phillip Beckett"]
[Black "grabapawn"]
[Result "1-0"]
[WhiteCountry "ENG"]
[BlackCountry "USA"]
[WhiteElo "1612"]
[WhiteRD "50"]
[BlackElo "1628"]
[BlackRD "62"]
[GameID "300405"]

1. e4 c5 2. Nf3 Nc6 3. d4 cxd4 4. Nxd4 e5 5. Nb5 a6 6. N5c3 Nf6 7. Bg5 Be7 8. Bxf6 Bxf6 9. Nd5 O-O 10. Nbc3 Bg5
11. Be2 Nd4 12. O-O d6 13. g3 Bd7 14. Bd3 f5 15. exf5 Bxf5 16. Bxf5 Nxf5 17. h4 Be7 18. Nxe7+ Nxe7 19. Nd5 Nxd5 20. Qxd5+ Kh8
21. Rad1 Rf6 22. Rfe1 Qe7 23. f4 Raf8 24. fxe5 Re6 25. c4 Rxe5 26. Rxe5 Qxe5 27. Qxe5 dxe5 28. Rd7 Re8 29. Rxb7 e4 30. Kf1 e3
31. Ke2 h5 32. Rb3 Re4 33. Rc3 Kh7 34. b3 a5 35. Rxe3 Rxe3+ 36. Kxe3
1-0

[Event "Ring In The New Year With A Chess Tournament"]
[Site "SchemingMind.com"]
[Date "2012.01.02"]
[Round "-"]
[White "Phillip Beckett"]
[Black "Ricsige"]
[Result "1-0"]
[WhiteCountry "ENG"]
[BlackCountry "AHO"]
[WhiteElo "1612"]
[WhiteRD "50"]
[BlackElo "1439"]
[BlackRD "64"]
[GameID "300406"]

1. e4 c5 2. Nf3 Nc6 3. d4 cxd4 4. Nxd4 Nf6 5. Nc3 e5 6. Ndb5 d6 7. Bg5 a6 8. Na3 b5 9. Nd5 Qa5+ 10. c3 Nxe4
11. Be3
1-0

[Event "Ring In The New Year With A Chess Tournament"]
[Site "SchemingMind.com"]
[Date "2012.01.02"]
[Round "-"]
[White "Mitch The Man"]
[Black "Phillip Beckett"]
[Result "1/2-1/2"]
[WhiteCountry "USA"]
[BlackCountry "ENG"]
[WhiteElo "1352"]
[WhiteRD "61"]
[BlackElo "1612"]
[BlackRD "50"]
[GameID "300407"]

1. e4 e5 2. Nf3 Nc6 3. Bc4 Nf6 4. Bd3 Bc5 5. h3 d6 6. O-O Nb4 7. a3 Nxd3 8. cxd3 O-O 9. b4 Bb6 10. Bb2 h6
11. Kh2 a5 12. b5 c6 13. bxc6 bxc6 14. Qc2 Nh5 15. Qxc6 Nf4 16. Qxa8 Qf6 17. Qc6 g5 18. Qxb6 Nxh3 19. Ng1 Qf4+ 20. g3 Qg4
21. Bxe5 dxe5 22. Qxh6 Nxg1 23. Kxg1 f5 24. Qg6+ Kh8 25. Qh6+= Kg8 26. Qg6+ Kh8 27. Qh6+ Kg8=
1/2-1/2

[Event "Ring In The New Year With A Chess Tournament"]
[Site "SchemingMind.com"]
[Date "2012.01.02"]
[Round "-"]
[White "jtrochez1"]
[Black "Phillip Beckett"]
[Result "1/2-1/2"]
[WhiteCountry "HON"]
[BlackCountry "ENG"]
[WhiteElo "1626"]
[WhiteRD "49"]
[BlackElo "1612"]
[BlackRD "50"]
[GameID "300408"]

1. e4 e5 2. Nf3 Nc6 3. Bc4 Nf6 4. Nc3 Nxe4 5. Nxe4 d5 6. Bxd5 Qxd5 7. d3 Bf5 8. Qe2 O-O-O 9. c4 Qxd3 10. Qxd3 Rxd3
11. Ned2 Bb4 12. O-O Rhd8 13. a3 Bxd2 14. Bxd2 Rxd2 15. Nxd2 Rxd2 16. b4 Nd4 17. Rfd1 Rxd1+ 18. Rxd1 f6 19. c5 Bc2 20. Rd2 Ba4
21. f4 Nb3 22. Rb2 Nd4 23. Kf2 Kd7 24. fxe5 fxe5 25. h4 Ke6 26. g4 a6 27. Ke3 c6 28. Rf2 Bc2 29. Kd2 Bg6 30. h5 Bf7
31. Kc3 Nb5+ 32. Kb2 g6 33. Kb3 Nd4+ 34. Ka4 Ke7 35. hxg6 Bxg6 36. Ka5 e4 37. Kb6 e3 38. Rh2 e2 39. Rh1 Nc2 40. a4 e1=Q
41. Rxe1+ Nxe1 42. Kxb7 Bc2 43. a5 Bd3 44. Kxc6 Kd8 45. Kb7 Bb5 46. c6 Bxc6+ 47. Kxc6 Nd3 48. b5 axb5 49. Kxb5 Nf4 50. Kc5 Ne6+
51. Kd5 Nc7+ 52. Ke5 Ke7 53. Kf5 Kf7 54. Kg5 Kg7 55. Kh5 h6 56. g5 hxg5=
1/2-1/2

[Event "Ring In The New Year With A Chess Tournament"]
[Site "SchemingMind.com"]
[Date "2012.01.05"]
[Round "-"]
[White "mochiron"]
[Black "Phillip Beckett"]
[Result "1/2-1/2"]
[WhiteCountry "JPN"]
[BlackCountry "ENG"]
[WhiteElo "1490"]
[WhiteRD "63"]
[BlackElo "1602"]
[BlackRD "51"]
[GameID "300409"]

1. a3 e5 2. e4 Nf6 3. Nc3 Bc5 4. h3 Nc6 5. Bc4 d6 6. Nf3 h6 7. Nd5 Nxd5 8. exd5 Ne7 9. O-O O-O 10. d4 exd4
11. c3 dxc3 12. bxc3 Ng6 13. Bd3 Qf6 14. Be3 Bxe3 15. fxe3 Qe7 16. e4 Ne5 17. Nxe5 Qxe5 18. Rc1 Qg5 19. e5 Bxh3 20. Rf2 dxe5
21. Rcc2 Bd7 22. Qe2 Bg4 23. Qe4 g6 24. c4 Bf5 25. Qe2 Bxd3 26. Qxd3 f5 27. d6 cxd6 28. Qd5+ Kg7 29. Qxd6 Qf6 30. Qc7+ Rf7
31. Qc5 b6 32. Qe3 e4 33. c5 Qa1+ 34. Kh2 Qe5+ 35. g3 g5 36. cxb6 f4 37. gxf4 gxf4 38. Rg2+ Kh7 39. Qb3 f3+ 40. Kg1 f2+
41. Rcxf2 Qa1+ 42. Kh2 Qe5+ 43. Kg1=
1/2-1/2

[Event "Ring In The New Year With A Chess Tournament"]
[Site "SchemingMind.com"]
[Date "2012.01.02"]
[Round "-"]
[White "grabapawn"]
[Black "Phillip Beckett"]
[Result "1/2-1/2"]
[WhiteCountry "USA"]
[BlackCountry "ENG"]
[WhiteElo "1628"]
[WhiteRD "62"]
[BlackElo "1612"]
[BlackRD "50"]
[GameID "300410"]

1. e4 c5 2. d4 cxd4 3. c3 g6 4. Nf3 Bg7 5. cxd4 d6 6. Bc4 Nc6 7. Nc3 Nf6 8. Ng5 O-O 9. O-O h6 10. Nxf7 Rxf7
11. e5 dxe5 12. dxe5 Qxd1 13. Rxd1 Ng4 14. Bxf7+ Kxf7 15. f4 h5 16. h3 Nh6 17. Nd5 Be6 18. Nc7 Rd8 19. Rxd8 Nxd8 20. Nb5 a6
21. Nd4 Bc4 22. b3 Bd5 23. Ba3 Nc6 24. Bb2 Nxd4 25. Bxd4 Nf5 26. Bf2 Bh6 27. g3 e6 28. g4 hxg4 29. hxg4 Ne7 30. g5 Bf8
31. Rc1 Bc6 32. a4 Nf5 33. Kf1 Bb4 34. Ke2 Ne7 35. Rh1 Nd5 36. Rh7+ Kg8 37. Rh4 Ne7 38. Rh6 Kg7 39. Bb6 Nf5 40. Rh3 Ne7
41. Bd8 Nf5 42. Bf6+ Kf7 43. Rh7+ Ke8 44. Rh8+ Kd7 45. Rd8+ Kc7 46. Rg8 Nh4 47. Rg7+ Kb6 48. Be7 Bxe7 49. Rxe7 Bd5 50. b4 a5
51. bxa5+ Kxa5 52. Rh7 Nf5 53. Kd3 Kxa4 54. Rh8 b5 55. Kc3 b4+ 56. Kb2 b3 57. Rg8 Nh4 58. Rh8 Nf5 59. Rg8=
1/2-1/2

[Event "Ring In The New Year With A Chess Tournament"]
[Site "SchemingMind.com"]
[Date "2012.01.02"]
[Round "-"]
[White "Ricsige"]
[Black "Phillip Beckett"]
[Result "1/2-1/2"]
[WhiteCountry "AHO"]
[BlackCountry "ENG"]
[WhiteElo "1417"]
[WhiteRD "63"]
[BlackElo "1602"]
[BlackRD "51"]
[GameID "300411"]

1. d4 d5 2. c4 e6 3. Nc3 Nf6 4. Bg5 Be7 5. Nf3 h6 6. Bh4 O-O 7. e3 Ne4 8. Bxe7 Qxe7 9. Bd3 Nxc3 10. bxc3 dxc4
11. Bxc4 Nd7 12. O-O c5 13. Rb1 cxd4 14. cxd4 Nb6 15. Be2 Bd7 16. Ne5 Rac8 17. Qd2 Ba4 18. Rfc1 Nd5 19. Rxc8 Rxc8 20. Rc1 Rxc1+
21. Qxc1 Qc7 22. Qxc7 Nxc7 23. Bc4 b5 24. Bd3 Nd5 25. Kf1 a5 26. Ke2 Nb4 27. Bb1 Bc2 28. Bxc2 Nxc2 29. Kd2 Nb4 30. a3 Nd5
31. Kc2 f6 32. Nc6 b4 33. Nxa5 bxa3 34. Kb3 a2 35. Kxa2=
1/2-1/2

[Event "Ring In The New Year With A Chess Tournament"]
[Site "SchemingMind.com"]
[Date "2012.01.02"]
[Round "-"]
[White "Majoanis"]
[Black "Mitch The Man"]
[Result "1-0"]
[WhiteCountry "CAN"]
[BlackCountry "USA"]
[WhiteElo "1788"]
[WhiteRD "63"]
[BlackElo "1352"]
[BlackRD "61"]
[GameID "300433"]

1. e4 e6 2. d4 d5 3. Nc3 c6 4. Nf3 Ne7 5. Be2 h6 6. O-O g6 7. Be3 Bg7 8. Qd2 O-O 9. Bxh6 Kh8 10. Bxg7+ Kxg7
11. Rad1 Rh8 12. Rfe1 Nd7 13. Ng5 Nf8 14. e5 b5 15. Qf4 Nf5 16. Nf3 a5 17. Bf1 Nh4 18. Ne2 Nxf3+ 19. Qxf3 Qh4 20. Qg3 Qxg3
21. Nxg3 Nh7 22. a3 a4 23. c3 Ng5 24. f4 Ne4 25. Nxe4 dxe4 26. Rxe4 Ba6 27. Ree1 Rh6 28. h3 Rd8 29. g4 Rh4 30. Bg2 Bb7
31. Rf1 Rdh8 32. f5 c5 33. f6+ Kg8 34. dxc5 Bxg2 35. Rd8+ Kh7 36. Rxh8+ Kxh8 37. Kxg2
1-0

[Event "Ring In The New Year With A Chess Tournament"]
[Site "SchemingMind.com"]
[Date "2012.01.02"]
[Round "-"]
[White "Majoanis"]
[Black "jtrochez1"]
[Result "1-0"]
[WhiteCountry "CAN"]
[BlackCountry "HON"]
[WhiteElo "1788"]
[WhiteRD "63"]
[BlackElo "1626"]
[BlackRD "49"]
[GameID "300434"]

1. e4 e5 2. Nf3 Nc6 3. Nc3 d6 4. d4 exd4 5. Nxd4 Nxd4 6. Qxd4 Be6 7. Be3 Qf6 8. Qd2 Be7 9. O-O-O a6 10. Be2 O-O-O
11. Kb1 h6 12. h4 Kb8 13. Bf3 Qg6 14. Nd5 Bxd5 15. Qxd5 c6 16. Qd4 c5 17. Qd2 Nf6 18. Qd3 Nd7 19. h5 Qh7 20. Qc3 Bf6
21. Qb3 Ne5 22. Qb6 Be7 23. Be2 Nd7 24. Qb3 Qxe4 25. Bf3 Qb4 26. Qxf7 Bf6 27. Qb3 Qxb3 28. axb3 Be7 29. Bd5 Nb6 30. Bf3 Nd7
31. Rhe1 Bf6 32. Rxd6 Be5 33. Rdd1 b6 34. Rd5 Bc7 35. Red1 Nf6 36. Rxd8+ Rxd8 37. Rxd8+ Bxd8 38. Kc1 Bc7 39. Kd2 Kc8 40. Kd3 Kd7
41. g4 Nh7 42. Ke4 Ke6 43. Bf4 Bxf4 44. Kxf4 Kf6 45. Be2 a5 46. Ke4 Ke6 47. Bc4+ Kf6 48. Kd5 Ke7 49. Kc6 Nf6 50. f3 Nd7
51. Bd3 Ne5+ 52. Kxb6 Nxf3 53. Kxc5 Ne5 54. Bf5 Nf3 55. Kb6 Kd6 56. Kxa5 Nd2 57. b4 Nc4+ 58. Ka6 Nxb2 59. b5 Kc7 60. b6+ Kb8
61. b7 Nc4 62. Bc8 Nd6 63. Kb6 Nxc8+ 64. bxc8=Q+ Kxc8 65. Kc6 Kd8 66. Kd6
1-0